Państwa najbliższe Afganistanowi - Statystyki

Ogólne statystyki
  • Ten quiz został rozwiązany 372 razy
  • Średni wynik to 18 z 20
Statystyki odpowiedzi
km Kraj % Poprawnych
0 Pakistan
98%
1204 Irak
97%
0 Iran
97%
211 Indie
96%
1301 Rosja
96%
0 Tadżykistan
96%
300 Kazachstan
95%
0 Chiny
94%
0 Uzbekistan
94%
101 Kirgistan
93%
0 Turkmenistan
93%
976 Arabia Saudyjska
85%
1086 Azerbejdżan
85%
1016 Nepal
85%
1086 Kuwejt
83%
1355 Armenia
82%
1010 Katar
79%
576 Oman
79%
627 Zjednoczone EmiratyArabskie
79%
1077 Bahrajn
75%
Nie znaleziono quizów pasujących do podanych kryteriów
Rozkład punktacji
Procent ludzi z każdym wynikiem
Percentyl według liczby udzielonych odpowiedzi
Twoja historia wyników
Nie rozwiązałeś tego quizu